| 000 | 00561nam a2200169 a 4500 | ||
|---|---|---|---|
| 001 | 000023748 | ||
| 005 | 20200930022434.0 | ||
| 008 | 110112s1992 su a 000 0 eng d | ||
| 040 |
_aDO-SdBNP _beng _cBNPHU |
||
| 082 |
_ann* _bnn* |
||
| 110 | 1 |
_aUnited Nations High Commissioner for Refugees _948898 |
|
| 245 | 1 | 0 |
_aWater manual for refugee situations / _cprefacio M. Douglas Stafford. |
| 260 |
_aGeneva : _bProgramme & Technical Support Section, _c1992. |
||
| 300 |
_a160 p. : _bil. ; _c22 cm. |
||
| 700 | 1 |
_aStafford, M. Douglas, _eprĂ³l. _948899 |
|
| 049 | _aBNGR | ||
| 999 |
_c23244 _d23244 |
||